Todos los canteranos del barca por valor de mercado - Estadísticas

Estadísticas generales
  • Esta prueba ha sido intentada 104 veces
  • La puntuación promedio es 18 de 47
Estadísticas de respuestas
Hint Respuesta % Correcto
200 millones Lamine Yamal
99%
180 millones Lionel Messi
95%
65 millones Xavi Hernandez
86%
70 millones Andrés Iniesta
85%
90 millones Pablo Gavi
84%
80 millones Pau Cubarsí
81%
60 millones Alejandro Balde
80%
50 millones Gerard Pique
76%
80 millones Sergio Busquets
74%
30 millones Carles Puyol
73%
50 millones Fermín Lopéz
71%
5 millones Marc Bernal
60%
30 millones Marc Casadó
60%
60 millones Dani Olmo
59%
80 millones Ansu fati
58%
30 millones Pedro
56%
20 millones Víctor Valdes
55%
70 millones Jordi Alba
43%
55 millones Marc Cucurella
39%
20 millones Eric García
36%
10 millones Iñaki Peña
35%
45 millones Cesc Fabregas
34%
10 millones Héctor Fort
34%
12 millones Gerard Martín
33%
80 millones Xavi simons
26%
60 millones Sergi Roberto
25%
8 millones Marc Guiu
24%
45 millones Alejandro Grimaldo
23%
45 millones André Onana
21%
40 millones Nico Gonzalez
21%
20 millones Óscar Mingueza
20%
25 millones Ilaix Moriba
19%
100 millones Mauro icardi
19%
35 millones Adama Traoré
16%
30 millones Carles Aleñá
16%
22 millones Marc Bartra
16%
25 millones Riqui Puig
15%
60 millones Takefusa Kubo
15%
17 millones Gerard Deulofeu
11%
35 millones Thiago Alcántara
10%
Medio millón Diego Kochen
9%
40 millones Héctor Bellerín
9%
12 millones Rafinha
9%
1 millón Ander Astralaga
8%
10 millones Sandro Ramírez
6%
10 millones Carles Pérez
1%
12 millones Munir El Haddadi
1%
No se encontraron pruebas coincidentes
Distribución de puntuación
Porcentaje de gente con cada puntuación
Porcentaje por número respondido
Historial de tus puntuaciones
No has intentado esta prueba.